000 00943nam a22001457a 4500
999 _c525901
_d525901
008 240423b ||||| |||| 00| 0 eng d
100 _aLynch, Marc and Telhami, Shibley
_951844
245 _aThe two-state mirage: How to break the cycle of violence in a one-state reality
260 _aForeign Affairs
300 _a103(3), Mar-Apr, 2024: p.23-31
520 _aIsrael’s devastating response to Ham’s shocking October 7 attack has produced a humanitarian catastrophe. During the first 100 days of war along, Israel dropped the kiloton equivalent of three nuclear bombs on the Gaza strip, killing some 24, 000 Palestinians, including more than 10,000 children; wounding tens of thousands more; destroying or damaging 70 percent of Gaza’s homes; and displacing 1.9 million people about 85 percent of the territory’s inhabitants. – Reproduced
773 _aForeign Affairs
906 _aINTERNATIONAL RELATIONS
942 _cAR